[Event "Coupe Fede 2003"]
[Site "?"]
[Date "2002.12.15"]
[Round "3"]
[White "Audouard, Dany"]
[Black "Susini, Yannick"]
[Result "1-0"]
[WhiteElo "1199"]
[BlackElo "1199"]
[EventDate "2002.12.15"]
[PlyCount "99"]
[SourceDate "2002.12.15"]

1.d4 d5 2.Nf3 Nc6 3.Nc3 Bg4 4.Bf4 e6 5.Nb5 Rc8 6.e3 a6 7.Nc3 Bb4 8.a3 
Bxc3+ 9.bxc3 Nf6 10.Rb1 O-O 11.Rxb7 Na5 12.Rb4 Nc6 13.Rb2 Rb8 14.Rb1 Bxf3 
15.gxf3 Re8 16.Bxa6 e5 17.dxe5 Nxe5 18.Bb5 c6 19.Bxc6 Nxc6 20.Bxb8 Nxb8 
21.a4 d4 22.c4 d3 23.cxd3 Nbd7 24.O-O Nh5 25.Rb5 Qh4 26.Re1 Nc5 27.Rxc5 h6
28.a5 Nf6 29.a6 Nd7 30.Rc7 Qg5+ 31.Kf1 Nb8 32.a7 Na6 33.Rc6 Nb4 34.Rb6 Qe7
35.Qa4 Qc5 36.Rb8 Kf8 37.a8=Q Rxb8 38.Qxb8+ Ke7 39.Qb7+ Ke6 40.Qbxb4 Qe5 
41.f4 Qf5 42.Qaa5 Qxd3+ 43.Kg1 Qg6+ 44.Kf1 Qd3+ 45.Kg2 Qg6+ 46.Kf3 f5 47.
Qbb6+ Kf7 48.Qaa7+ Kg8 49.Qxg6 Kf8 50.Qaf7# 1-0

[Event "Coupe de la Federation"]
[Site "Tournefeuille"]
[Date "2002.12.15"]
[Round "1"]
[White "BROCHET Tierry"]
[Black "CWIEK Perrine"]
[Result "0-1"]
[WhiteElo "1620"]
[BlackElo "1560"]
[PlyCount "66"]

1.e4 e5 2.Nf3 Nc6 3.Bb5 Bc5 4.O-O d6 5.h3 Nf6 6.Nc3 O-O 7.d3 Be6 8.Na4 Bb6
9.Nxb6 axb6 10.a3 h6 11.c3 Ne7 12.Ba4 Ng6 13.Bc2 c6 14.d4 Qc7 15.Be3 Rfe8 
16.Qd2 d5 17.exd5 Bxd5 18.Nh2 exd4 19.Bxd4 Ne4 20.Qc1 Nf4 21.Re1 Nf6 22.
Bxf6 gxf6 23.Qd2 Bxg2 24.Ng4 Kg7 25.Ne3 Bxh3 26.Nf5+ Bxf5 27.Bxf5 Rad8 28.
Qc2 Qd6 29.Rxe8 Rxe8 30.f3 Re2 31.Qc1 Qc5+ 32.Kh1 Qxf5 33.Qg1+ Kh7 0-1

[Event "Coupe Fede 2003"]
[Site "?"]
[Date "2002.12.15"]
[Round "2"]
[White "Durand, Stephane"]
[Black "Phalippou, Philippe"]
[Result "0-1"]
[WhiteElo "1670"]
[BlackElo "1450"]
[EventDate "2002.12.15"]
[PlyCount "63"]
[SourceDate "2002.12.15"]

1.e4 c5 2.Nf3 Nc6 3.Bc4 Nf6 4.d3 d6 5.Ng5 Ne5 6.Bb3 h6 7.Nf3 Bg4 8.Ba4+ 
Nfd7 9.Nbd2 Qa5 10.Bxd7+ Nxd7 11.O-O Ne5 12.h3 Nxf3+ 13.Nxf3 Bd7 14.Bd2 
Qc7 15.Bc3 e5 16.a3 Be7 17.Bd2 g5 18.g4 f6 19.c3 h5 20.Nh2 hxg4 21.Nxg4 
Rxh3 22.Kg2 Rh4 23.Ne3 Bh3+ 24.Kg3 Bxf1 25.Qxf1 O-O-O 26.Nf5 Rh7 27.Kf3 d5
28.Be3 dxe4+ 29.dxe4 Rdh8 30.Rc1 Rh3+ 31.Ng3 Qd7 32.Qc4 0-1

[Event "Coupe Fede 2003"]
[Site "?"]
[Date "2002.12.16"]
[Round "1"]
[White "Durand, Stephane"]
[Black "Boukandoura, Jean"]
[Result "1-0"]
[WhiteElo "1450"]
[BlackElo "1499"]
[EventDate "2002.12.15"]
[PlyCount "75"]
[SourceDate "2002.12.15"]

1.e4 e5 2.Nf3 Nc6 3.Bc4 h6 4.Nc3 Nf6 5.a3 Bc5 6.d3 Ng4 7.O-O a6 8.b4 Bb6 
9.Bb2 Qe7 10.Nd5 Qd6 11.Nxb6 cxb6 12.b5 axb5 13.Bxb5 Na7 14.Bc4 f6 15.a4 
Qc5 16.h3 Ne3 17.fxe3 Qxe3+ 18.Kh1 Nc6 19.Ba3 Rxa4 20.Bc1 Rxa1 21.Bxe3 
Rxd1 22.Rxd1 Nb4 23.c3 Nc2 24.Bxb6 g5 25.Bc5 g4 26.hxg4 h5 27.g5 h4 28.Bb3
h3 29.g3 Kd8 30.Bxc2 Kc7 31.gxf6 d6 32.Bb4 b6 33.Ng5 Rh5 34.f7 Rxg5 35.
f8=Q Kb7 36.Qe7+ Ka6 37.Ra1+ Kb5 38.Qe8+ 1-0

[Event "Tarbes"]
[Site "?"]
[Date "2003.??.??"]
[Round "2"]
[White "Lazarev, Vladimir"]
[Black "Darrigues, Alain"]
[Result "1-0"]
[WhiteElo "2517"]
[BlackElo "2069"]
[PlyCount "81"]

1.d4 Nf6 2.c4 c5 3.d5 e6 4.Nc3 exd5 5.cxd5 d6 6.Nf3 g6 7.h3 Bg7 8.e4 O-O 
9.Bd3 a6 10.a4 Nbd7 11.O-O Qc7 12.Re1 Re8 13.Be3 Rb8 14.Nd2 b6 15.f4 Bb7 
16.Bf2 Nh5 17.Qf3 Bh6 18.Be3 f5 19.exf5 Rxe3 20.Rxe3 Nxf4 21.fxg6 Ne5 22.
gxh7+ Kh8 23.Rxe5 dxe5 24.Be4 Rf8 25.Rf1 Qg7 26.Qg4 Qxg4 27.hxg4 Bc8 28.g3
Nh3+ 29.Kg2 Bxg4 30.Rxf8+ Bxf8 31.Nc4 Ng5 32.Nxe5 Nxe4 33.Nxe4 Bf5 34.Ng5 
Bxh7 35.Nxh7 Kxh7 36.Nd7 Bg7 37.b3 b5 38.axb5 axb5 39.Nxc5 Kg8 40.d6 Kf7 
41.d7 1-0

[Event "N3"]
[Site "?"]
[Date "2003.??.??"]
[Round "9"]
[White "Robichon, Franck"]
[Black "Thamier, Stephan"]
[Result "1/2-1/2"]
[WhiteElo "1890"]
[BlackElo "1770"]
[EventDate "2003.??.??"]
[Annotator "ET/Cahors"]
[PlyCount "98"]

1.d4 d5 2.c4 dxc4 3.Nc3 Bg4 4.Qa4+ Qd7 5.Qxc4 Nf6 6.e4 e6 7.Bf4 c6 8.Nge2 
Bxe2 9.Bxe2 Be7 10.O-O O-O 11.Rad1 Qc8 12.Rfe1 Nbd7 13.Bf3 Nb6 14.Qb3 Bd8 
15.Rc1 Bc7 16.Bxc7 Qxc7 17.d5 Rfe8 18.dxc6 bxc6 19.Nb5 Qd7 20.Red1 Qe7 21.
Rxc6 Rac8 22.Rdc1 Rxc6 23.Rxc6 Qd7 24.Rc7 Qd2 25.Qc3 Nxe4 26.Qxd2 Nxd2 27.
Rxa7 Nxf3+ 28.gxf3 Rb8 29.Nd6 f6 30.Rb7 Rxb7 31.Nxb7 Kf7 32.Kf1 Ke7 33.Ke2
Kd7 34.Kd3 Kc6 35.Na5+ Kb5 36.Nb3 e5 37.Nc1 Nc4 38.a4+ Kc5 39.Kc3 Nd6 40.
b4+ Kb6 41.Nd3 e4 42.fxe4 Nxe4+ 43.Kd4 Ng5 44.Kc4 Nf3 45.a5+ Ka7 46.b5 
Nxh2 47.b6+ Kb8 48.a6 Nf3 49.Kb5 Nd4+ 1/2-1/2

[Event "2eme Open Condom"]
[Site "?"]
[Date "2003.??.??"]
[Round "4"]
[White "Cwiek, Loic"]
[Black "Arcusa, Michel"]
[Result "1-0"]
[WhiteElo "2155"]
[BlackElo "1840"]
[EventDate "2003.??.??"]
[PlyCount "47"]

1.d4 e6 2.c4 b6 3.Nf3 Bb7 4.e3 f5 5.Bd3 Nf6 6.O-O g6 7.Nc3 Bg7 8.b3 
    ( 8.b4 )
8...O-O 9.Qe2 c5 10.Ba3 d6 11.Rfd1 Qc8 12.Rac1 Re8 13.Bb1 e5 14.Nb5 Bf8 
15.dxe5 dxe5 16.Nd6 Bxd6 17.Rxd6 Re6 18.Qd2 Ne8 19.Rd8 Qc7 20.Rd1 
    ( 20.e4 $16 )
20...Bc6 
    ( 20...e4 )
21.b4 Re7 22.bxc5 Bd7 23.cxb6 Qxd8 24.b7 1-0

[Event "Open de Condom, R1"]
[Site "?"]
[Date "2003.??.??"]
[Round "?"]
[White "Baumann, Benjamin"]
[Black "Bulteau, Sarah"]
[Result "1/2-1/2"]
[WhiteElo "1980"]
[BlackElo "1770"]
[EventDate "2003.??.??"]
[PlyCount "62"]

1.a3 Nf6 2.Nf3 Nc6 3.d4 d5 4.Bf4 Bg4 5.e3 a6 6.c4 e6 7.Nc3 Be7 8.Qb3 dxc4 
9.Qxb7 Na5 10.Qxc7 O-O 11.Qxd8 Bxd8 12.Ne5 Rc8 13.Nxg4 Nxg4 14.Be2 Nf6 15.
Bf3 h6 16.Rc1 Bc7 17.Bxc7 Rxc7 18.Ke2 Nb3 19.Rc2 Rd8 20.Rd1 Nd5 21.Bxd5 
exd5 22.Nb1 a5 23.Nd2 a4 24.Nxb3 axb3 25.Rc3 Re7 26.Ra1 f5 27.Rcc1 Ra8 28.
Kd2 Kf7 29.Kc3 Ke6 30.f3 Kd6 31.Re1 Rae8 1/2-1/2

[Event "N3"]
[Site "?"]
[Date "2003.??.??"]
[Round "9"]
[White "Bony, Regis"]
[Black "Fournier, Camille"]
[Result "0-1"]
[WhiteElo "1850"]
[BlackElo "2114"]
[EventDate "2003.??.??"]
[Annotator "Cahors/ET"]
[PlyCount "64"]

1.d4 Nf6 2.Nf3 e6 3.c4 d5 4.Nc3 Bb4 5.e3 O-O 6.Qc2 c5 7.a3 Bxc3+ 8.Qxc3 
cxd4 9.exd4 Nc6 10.Bg5 h6 11.Bxf6 Qxf6 12.Bd3 dxc4 13.Bxc4 Rd8 14.Rd1 Ne7 
15.O-O a6 16.Rfe1 b5 17.Ba2 Bb7 18.Ne5 Rac8 19.Qh3 Nd5 20.Ng4 Qg5 21.g3 
Nf6 22.Ne5 Bd5 23.Bxd5 Nxd5 24.Nxf7 Kxf7 25.Qxe6+ Kf8 26.Re5 Qe7 27.Qxa6 
Qd7 28.Rde1 Rc2 29.R1e2 Rc1+ 30.Kg2 Nf4+ 31.Kf3 Nxe2 32.Rxe2 Qd5+ 0-1

[Event "N3"]
[Site "?"]
[Date "2003.??.??"]
[Round "9"]
[White "Rieubland, Benjamin"]
[Black "Petyt, Marcel"]
[Result "1-0"]
[WhiteElo "1650"]
[BlackElo "1499"]
[EventDate "2003.??.??"]
[Annotator "Agen/Perpignan"]
[PlyCount "131"]

1.e4 c5 2.d4 cxd4 3.c3 dxc3 4.Nxc3 Nc6 5.Nf3 d6 6.Bc4 e6 7.O-O a6 8.Qe2 
Be7 9.Rd1 Qc7 10.Bf4 h6 11.Qd2 Nf6 12.Bxd6 Bxd6 13.Qxd6 Qxd6 14.Rxd6 O-O 
15.Rad1 Ne8 16.R6d2 b5 17.Bb3 Na5 18.e5 Bb7 19.Rd7 Bc6 20.R7d3 Nc7 21.Nd4 
Bb7 22.a3 Nxb3 23.Nxb3 Nd5 24.Na5 Nxc3 25.Rxc3 Bd5 26.Rdc1 Rfd8 27.g3 Kf8 
28.Kf1 Be4 29.Ke2 Kg8 30.Nb3 Bd5 31.Na5 Kh7 32.Ke3 Rf8 33.Nc6 Rfc8 34.f4 
Rc7 35.Nb4 Rd7 36.Rc7 Rxc7 37.Rxc7 Kg6 38.Nxd5 exd5 39.g4 a5 40.h4 b4 41.
f5+ Kh7 42.a4 Kg8 43.b3 Kf8 44.Kd4 Ke8 45.Rc5 Ke7 46.Rxd5 Rc8 47.Rc5 Rd8+ 
48.Kc4 Ra8 49.Kb5 Kd7 50.Kb6 Ke7 51.Kb7 Rd8 52.Rc7+ Kf8 53.Rc8 Ke7 54.Rxd8
Kxd8 55.Kc6 Ke7 56.Kc7 g6 57.h5 gxf5 58.gxf5 Ke8 59.f6 Kf8 60.Kd7 Kg8 61.
Ke7 Kh7 62.Kxf7 Kh8 63.e6 Kh7 64.e7 Kh8 65.e8=Q+ Kh7 66.Qg8# 1-0

[Event "N3"]
[Site "?"]
[Date "2003.??.??"]
[Round "8"]
[White "Wipf, Jean-Marc"]
[Black "Relea, Nicolas"]
[Result "0-1"]
[WhiteElo "2060"]
[BlackElo "2070"]
[EventDate "2003.??.??"]
[Annotator "Perpignan/Condom"]
[PlyCount "54"]

1.e4 Nc6 2.d4 d5 3.exd5 Qxd5 4.Nf3 e5 5.c4 Qe4+ 6.Be3 Bg4 7.Nc3 Bb4 8.Bd3 
Bxf3 9.gxf3 Qh4 10.d5 Bxc3+ 11.bxc3 Nd8 12.Rg1 g6 13.Qa4+ Kf8 14.Rg5 f6 
15.Bc5+ Kg7 16.Qe8 Ne7 17.Qxe7+ Nf7 18.Rg4 Qxh2 19.Ke2 Rhe8 20.Qd7 Rad8 
21.Qa4 Ng5 22.Be3 Nxf3 23.Kxf3 Qh5 24.Kg3 f5 25.Rg5 f4+ 26.Bxf4 exf4+ 27.
Kxf4 Qh4+ 0-1

[Event "Nationale II"]
[Site "?"]
[Date "2003.??.??"]
[Round "?"]
[White "Ouakhir, Mehdi"]
[Black "Bedue, Julien"]
[Result "1-0"]
[WhiteElo "2183"]
[BlackElo "2149"]
[EventDate "2003.??.??"]
[PlyCount "67"]

1.d4 Nf6 2.c4 c5 3.d5 e5 4.Nc3 d6 5.g3 Be7 6.Bg2 O-O 7.e4 Na6 8.Nge2 Bd7 
9.O-O Nc7 10.a4 h6 11.f4 exf4 12.gxf4 Nh7 13.e5 Qc8 14.Ne4 Ne8 15.Qd3 Kh8 
16.Bd2 Bf5 17.N2g3 Bh3 18.Bc3 Bxg2 19.Kxg2 f5 20.Nd2 dxe5 21.fxe5 f4 22.
Nge4 Bh4 23.Nf3 Qg4+ 24.Kh1 Qh3 25.Nf2 Bxf2 26.Rxf2 Ng5 27.Rd1 Nxf3 28.
Qxf3 Qd7 29.d6 Rd8 30.Re2 Nc7 31.Qxb7 Qxa4 32.b3 Qe8 33.Qxc7 Qh5 34.Rg1 
1-0

[Event "Nationale II"]
[Site "?"]
[Date "2003.??.??"]
[Round "?"]
[White "Lopez Gracia, Fernando"]
[Black "Heinis, Vincent"]
[Result "1-0"]
[WhiteElo "2360"]
[BlackElo "2202"]
[EventDate "2003.??.??"]
[PlyCount "53"]

1.Nf3 d5 2.d4 Nf6 3.c4 e6 4.Nc3 Be7 5.Bg5 O-O 6.e3 Nbd7 7.Rc1 a6 8.c5 c6 
9.Bd3 e5 10.dxe5 Ne8 11.h4 $5 Nxc5 12.Bb1 Ne6 13.Qc2 g6 14.Bh6 N8g7 15.h5 
b5 16.Rd1 Qb6 17.Nd4 Rd8 18.hxg6 hxg6 19.Bxg7 Kxg7 20.Nf5+ gxf5 21.Qxf5 
Ng5 22.Rh7+ Kg8 23.Qf4 b4 24.Qh2 c5 25.Nxd5 Rxd5 26.Rxd5 Bb7 27.Rd6 1-0

[Event "Nationale II"]
[Site "?"]
[Date "2003.??.??"]
[Round "?"]
[White "Ducret, Thomas"]
[Black "Constantin, D."]
[Result "1-0"]
[WhiteElo "2222"]
[BlackElo "2106"]
[EventDate "2003.??.??"]
[PlyCount "115"]

1.Nf3 Nf6 2.c4 c6 3.d4 d5 4.Nc3 a6 5.e3 b5 6.cxd5 cxd5 7.Ne5 e6 8.Bd3 Nbd7
9.f4 Bb7 10.O-O Bd6 11.Qf3 b4 12.Na4 O-O 13.Qh3 Bxe5 14.fxe5 Ne4 15.Bd2 
Bc6 16.b3 Bb5 17.Bxe4 dxe4 18.Rf4 a5 19.Rxe4 Bd3 20.Rf4 Bg6 21.Be1 Qc7 22.
Bh4 Rfc8 23.Rff1 Bd3 24.Rfd1 Be4 25.Qg4 Qc2 26.Be7 g6 27.Bc5 h5 28.Qg3 Bd5
29.Qf2 Qxf2+ 30.Kxf2 Bc6 31.Nb6 Nxb6 32.Bxb6 Be4 33.Rac1 Bc2 34.Rd2 Rc6 
35.Rdxc2 Rxb6 36.Rc8+ Rxc8 37.Rxc8+ Kg7 38.Rc5 Ra6 39.Rc4 Kf8 40.Ke2 Ke8 
41.Kd3 Kd7 42.e4 Rb6 43.d5 a4 44.Kd4 Ra6 45.Rxb4 axb3 46.axb3 Ra2 47.Rb7+ 
Ke8 48.Kc5 exd5 49.exd5 Rxg2 50.Kd6 Kf8 51.h4 g5 52.hxg5 Rxg5 53.Rb8+ Kg7 
54.e6 fxe6 55.dxe6 Rg6 56.Kd7 Rg3 57.e7 Rd3+ 58.Kc6 1-0

[Event "Nationale II"]
[Site "?"]
[Date "2003.??.??"]
[Round "?"]
[White "Delpech"]
[Black "Rodriguez"]
[Result "1-0"]
[WhiteElo "2110"]
[BlackElo "2098"]
[EventDate "2003.??.??"]
[PlyCount "89"]

1.e4 c5 2.Nf3 Nc6 3.d4 cxd4 4.Nxd4 Nf6 5.Nc3 e5 6.Ndb5 d6 7.Nd5 Nxd5 8.
exd5 Ne7 9.c4 Ng6 10.Qa4 Bd7 11.Qb4 Bf5 12.Be3 b6 13.h4 h5 14.Be2 a6 15.
Nc3 Nxh4 16.Kf1 Ng6 17.Na4 Rb8 18.Nxb6 Bd7 19.Qa5 Nf4 20.Qxa6 Nxe2 21.Kxe2
Be7 22.b3 Bg4+ 23.f3 Bf5 24.g4 Bg6 25.Qa4+ Kf8 26.Nd7+ Kg8 27.Nxb8 Qxb8 
28.Qd7 Bf6 29.g5 Bd8 30.Rh4 Ba5 31.Qb5 Qd8 32.b4 Bc7 33.a4 Qe7 34.c5 f6 
35.cxd6 Bxd6 36.Rc1 f5 37.Bc5 Kh7 38.Bxd6 Qxd6 39.Qc5 Qa6+ 40.b5 Qa5 41.
Rch1 Rd8 42.d6 f4 43.Qxe5 Rf8 44.Rxh5+ Bxh5 45.g6+ 1-0

[Event "Nationale II"]
[Site "?"]
[Date "2003.??.??"]
[Round "?"]
[White "Cesbron, Guy"]
[Black "Beaurain, Jerome"]
[Result "1/2-1/2"]
[WhiteElo "2168"]
[BlackElo "2106"]
[EventDate "2003.??.??"]
[PlyCount "84"]

1.e4 c5 2.Nf3 Nc6 3.Bb5 g6 4.Bxc6 dxc6 5.d3 Bg7 6.h3 e5 7.Nc3 Qe7 8.Be3 
Nf6 9.Qd2 Nd7 10.O-O-O b6 11.Bg5 f6 12.Be3 Nf8 13.Kb1 Ne6 14.Ne2 Ba6 15.
Rhe1 Bb5 16.Qc1 O-O-O 17.b3 a5 18.Nd2 Nd4 19.Nc4 Qa7 20.Nc3 Bxc4 21.dxc4 
f5 22.f3 Bf6 23.Bg5 Qe7 24.Bxf6 Qxf6 25.exf5 gxf5 26.Qe3 Rhg8 27.Rd2 Rde8 
28.Na4 f4 29.Qe4 Kc7 30.Qxh7+ Rg7 31.Qe4 Reg8 32.c3 Nf5 33.Qxe5+ Qxe5 34.
Rxe5 Ne3 35.Re4 Nxg2 36.h4 Rh8 37.Re6 Ne3 38.Rdd6 Rg1+ 39.Kb2 Rg2+ 40.Kb1 
Rg1+ 41.Kb2 Rg2+ 42.Kc1 Rg1+ 1/2-1/2

[Event "Nationale II"]
[Site "?"]
[Date "2003.??.??"]
[Round "?"]
[White "Carmeille, Ludovic"]
[Black "Relea, Nicolas"]
[Result "1-0"]
[WhiteElo "2114"]
[BlackElo "2082"]
[EventDate "2003.??.??"]
[PlyCount "67"]

1.e4 Nc6 2.Nf3 d6 3.Bc4 Nf6 4.d3 Bg4 5.Nbd2 e6 6.h3 Bh5 7.Bb5 a6 8.Bxc6+ 
bxc6 9.Nf1 d5 10.Qe2 Qb8 11.Ng3 Bg6 12.O-O Bc5 13.Ne5 Qb6 14.c3 a5 15.h4 
h6 16.Nxg6 fxg6 17.e5 Nd7 18.Qg4 Nf8 19.Ne2 g5 20.hxg5 h5 21.Qh3 g6 22.Nf4
Kd7 23.Be3 Re8 24.Rab1 Rh7 25.b4 axb4 26.Rxb4 Qa5 27.Bxc5 Qxc5 28.d4 Qe7 
29.Qh4 Ra8 30.Nd3 Ke8 31.Rfb1 Nd7 32.Rb7 Rxa2 33.Rxc7 Qd8 34.Rxc6 1-0

[Event "Nationale II"]
[Site "?"]
[Date "2003.??.??"]
[Round "?"]
[White "Alaux, Sophie"]
[Black "Benmesbah, Natacha"]
[Result "1-0"]
[WhiteElo "1730"]
[BlackElo "2030"]
[EventDate "2003.??.??"]
[PlyCount "37"]

1.e4 e5 2.Nf3 Nc6 3.Bb5 a6 4.Ba4 Nf6 5.O-O Be7 6.Re1 b5 7.Bb3 O-O 8.c3 d5 
9.d3 Bg4 10.Nbd2 Na5 11.Bc2 Nc6 12.h3 dxe4 13.hxg4 exf3 14.Qxf3 Qd5 15.Qh3
Qe6 16.d4 Rad8 17.Bf5 Qd6 18.Ne4 g6 19.Nxd6 1-0

[Event "NII"]
[Site "?"]
[Date "2003.??.??"]
[Round "?"]
[White "Saez"]
[Black "Dargagnon"]
[Result "1-0"]
[WhiteElo "2206"]
[BlackElo "2123"]
[EventDate "2003.??.??"]
[PlyCount "57"]

1.e4 g6 2.d4 Bg7 3.Nc3 d6 4.Nf3 Nf6 5.Bf4 c6 6.Qd2 Qa5 7.Be2 O-O 8.O-O 
Nbd7 9.h3 e5 10.dxe5 dxe5 11.Bh2 Qc5 12.Rfd1 Nh5 13.a3 Nf4 14.Bxf4 exf4 
15.Qxf4 Ne5 16.Qd2 Nxf3+ 17.Bxf3 Be5 18.Na4 Qe7 19.Qe3 b6 20.Bg4 Be6 21.
Bxe6 fxe6 22.g3 c5 23.c3 g5 24.Rd2 Rad8 25.Rad1 h6 26.b3 Rxd2 27.Qxd2 Qf6 
28.Qe3 Rf7 29.Kg2 1-0

[Event "N3 - Montpellier Eur / Cahors"]
[Site "?"]
[Date "2003.??.??"]
[Round "6.7"]
[White "Barthelemy, Guy"]
[Black "Daval, C."]
[Result "1-0"]
[WhiteElo "2030"]
[BlackElo "1460"]
[EventDate "2003.07.04"]
[PlyCount "67"]

1.e4 e5 2.Nf3 Nc6 3.Bc4 Nf6 4.Ng5 d5 5.exd5 Nxd5 6.Qf3 Be6 7.Nxe6 fxe6 8.
c3 Qd7 9.b4 Nce7 10.O-O Ng6 11.d3 Be7 12.g3 Bf6 13.Qg2 O-O 14.a4 c6 15.Bb2
a6 16.Nd2 Rf7 17.Ne4 Be7 18.Rad1 Raf8 19.d4 exd4 20.Rxd4 Ne5 21.Be2 Qc7 
22.Qh3 Qc8 23.f4 Ng6 24.Bg4 Nc7 25.Nd6 Bxd6 26.Rxd6 Re7 27.Re1 Rfe8 28.c4 
Nf8 29.Qh4 Rf7 30.Qg5 Ree7 31.f5 h6 32.Qh4 Kh7 33.Bh5 Rxf5 34.Qxe7 1-0

[Event "NII"]
[Site "?"]
[Date "2003.??.??"]
[Round "?"]
[White "Piquemal, Christiane"]
[Black "Beaurain"]
[Result "0-1"]
[WhiteElo "2052"]
[BlackElo "2106"]
[EventDate "2003.??.??"]
[PlyCount "68"]

1.d4 d5 2.c4 e6 3.Nf3 c6 4.e3 Bd6 5.Nc3 f5 6.Qc2 Nh6 7.b3 Nd7 8.Bb2 Qe7 9.
Bd3 Nf6 10.h3 Bd7 11.Ne5 Ne4 12.Nxd7 Qxd7 13.Nxe4 fxe4 14.Be2 O-O 15.O-O 
Qe7 16.a4 Rf7 17.Qc1 Bb8 18.f4 exf3 19.Bxf3 Qc7 20.Kf2 Nf5 21.Ke1 Qg3+ 22.
Ke2 Qg6 23.Kd1 Ng3 24.Rf2 Qd3+ 25.Ke1 Nh1 26.Re2 Ng3 27.Rf2 Nf5 28.Re2 
Bg3+ 29.Kf1 Qxb3 30.cxd5 exd5 31.Ra3 Qb6 32.Rc2 Bd6 33.Rd3 Qa6 34.Qd1 
Nxe3+ 0-1

[Event "NII"]
[Site "?"]
[Date "2003.??.??"]
[Round "?"]
[White "Petrossian, Armen"]
[Black "Lopez Gracia, Fernando"]
[Result "1-0"]
[WhiteElo "2295"]
[BlackElo "2360"]
[EventDate "2003.??.??"]
[PlyCount "49"]

1.e4 c5 2.Nf3 d6 3.d4 Nf6 4.Nc3 cxd4 5.Nxd4 a6 6.Bg5 e6 7.f4 Qb6 8.Qd2 
Qxb2 9.Nb3 Qa3 10.Bxf6 gxf6 11.Be2 h5 12.O-O Nd7 13.Rf3 b5 14.Kh1 Be7 15.
Rh3 h4 16.Qe1 Bb7 17.f5 exf5 18.Nd5 Bxd5 19.exd5 Qa4 20.Qf2 f4 21.Nd4 Ne5 
22.Qxf4 Rc8 23.Rxh4 Rg8 24.Qf5 Rc5 25.Nc6 1-0

[Event "NII"]
[Site "?"]
[Date "2003.??.??"]
[Round "?"]
[White "Lopez Gracia, Fernando"]
[Black "Heran"]
[Result "1-0"]
[WhiteElo "2360"]
[BlackElo "2244"]
[EventDate "2003.??.??"]
[PlyCount "33"]

1.e4 e6 2.d4 d5 3.Nc3 Bb4 4.e5 c5 5.a3 Ba5 6.Bd2 Nc6 7.Qg4 Nge7 8.dxc5 
Nxe5 9.Qxg7 N5g6 10.Bd3 Rg8 11.Qxh7 Ne5 12.Nf3 Bxc3 13.Bxc3 Nxf3+ 14.gxf3 
d4 15.O-O-O e5 16.Rhe1 Qd5 17.Bxd4 1-0

[Event "NII"]
[Site "?"]
[Date "2003.??.??"]
[Round "?"]
[White "Hoyer"]
[Black "Relea, Nicolas"]
[Result "0-1"]
[WhiteElo "2120"]
[BlackElo "2082"]
[EventDate "2003.??.??"]
[PlyCount "76"]

1.d4 Nc6 2.e4 d5 3.exd5 Qxd5 4.Be3 e5 5.c4 Qa5+ 6.Bd2 Bb4 7.d5 Bxd2+ 8.
Nxd2 Nd4 9.Bd3 Nf6 10.Ne2 Bg4 11.O-O e4 12.Nb3 exd3 13.Nexd4 Bxd1 14.Nxa5 
Bh5 15.Rfe1+ Kd7 16.Re3 d2 17.f3 Rhe8 18.Kf2 Re4 19.Rxe4 Nxe4+ 20.Ke3 Re8 
21.g4 d1=Q 22.Rxd1 Nc3+ 23.Kd2 Nxd1 24.Kxd1 b6 25.gxh5 bxa5 26.Nc6 a4 27.
Kd2 Kd6 28.b4 a6 29.Kd3 Re1 30.Kd4 Rd1+ 31.Ke4 Rd2 32.c5+ Kd7 33.Ne5+ Ke8 
34.a3 Rxh2 35.d6 f6 36.d7+ Kd8 37.Ng4 Rxh5 38.c6 f5+ 0-1

[Event "Tarbes"]
[Site "?"]
[Date "2003.??.??"]
[Round "2"]
[White "San Sebastian, Patrice"]
[Black "Pastorelli, Loic"]
[Result "1-0"]
[WhiteElo "1950"]
[BlackElo "1780"]
[PlyCount "58"]

1.f4 Nf6 2.Nf3 b6 3.e3 e6 4.b3 Be7 5.Bb2 Bb7 6.Be2 Nc6 7.O-O O-O 8.Nc3 Ne8
9.d3 Bc5 10.d4 Be7 11.e4 d5 12.e5 Nb4 13.a3 Na6 14.Bd3 g6 15.Ne2 c5 16.c3 
Rc8 17.Qe1 f5 18.Kh1 Rf7 19.Rg1 Nb8 20.g4 c4 21.Bc2 Ng7 22.b4 Nd7 23.h3 
Kh8 24.Qd2 Nf8 25.Raf1 Qd7 26.Ng3 Re8 27.gxf5 Nxf5 28.Nxf5 exf5 29.Qe2 Ne6
1-0

[Event "NII"]
[Site "?"]
[Date "2003.??.??"]
[Round "?"]
[White "Genov"]
[Black "Garbisu de Goni, Unai"]
[Result "1/2-1/2"]
[WhiteElo "2494"]
[BlackElo "2475"]
[EventDate "2003.??.??"]
[PlyCount "29"]

1.d4 f5 2.g3 Nf6 3.Bg2 g6 4.Nf3 Bg7 5.O-O O-O 6.b3 Ne4 7.Bb2 c5 8.c4 Nc6 
9.e3 e6 10.Nc3 Qe7 11.Rc1 Nxc3 12.Bxc3 d6 13.d5 Bxc3 14.Rxc3 exd5 15.Qxd5+
1/2-1/2

[Event "Tarbes"]
[Site "?"]
[Date "2003.??.??"]
[Round "2"]
[White "Juglard, Eric"]
[Black "Hostekind, Laurent"]
[Result "1-0"]
[WhiteElo "2186"]
[BlackElo "1990"]
[PlyCount "63"]

1.d4 Nf6 2.Nc3 d5 3.Bg5 Nbd7 4.f3 h6 5.Bh4 e6 6.e4 dxe4 7.fxe4 Be7 8.Nf3 
Nxe4 9.Bxe7 Nxc3 10.Bxd8 Nxd1 11.Bxc7 Ne3 12.Bd3 O-O 13.c4 Ng4 14.h3 Ngf6 
15.O-O b6 16.b4 Ba6 17.b5 Bb7 18.a4 Rfc8 19.Bf4 Ne4 20.a5 Nef6 21.Nd2 a6 
22.axb6 axb5 23.c5 Bc6 24.Rfb1 Nd5 25.Bd6 Nc3 26.Rc1 Rxa1 27.Rxa1 Ra8 28.
Rxa8+ Bxa8 29.Nb3 Be4 30.Bxe4 Nxe4 31.Bc7 Nc3 32.c6 1-0

[Event "NII"]
[Site "?"]
[Date "2003.??.??"]
[Round "?"]
[White "Gaubil"]
[Black "Del Rey"]
[Result "0-1"]
[WhiteElo "2092"]
[BlackElo "2387"]
[EventDate "2003.??.??"]
[PlyCount "80"]

1.Nf3 Nf6 2.d4 g6 3.c4 Bg7 4.Nc3 O-O 5.g3 d6 6.Bg2 c6 7.O-O Bf5 8.Ng5 Qb6 
9.c5 dxc5 10.Na4 Qc7 11.Nxc5 h6 12.Nf3 Nfd7 13.Nh4 Bg4 14.h3 Nxc5 15.hxg4 
Rd8 16.Qc2 Ne6 17.e3 Nd7 18.Qc4 Nb6 19.Qb3 c5 20.d5 c4 21.Qb5 a6 22.Qa5 
Nxd5 23.Qxc7 Nexc7 24.e4 Nb4 25.a3 Nd3 26.Rb1 Rab8 27.Rd1 Ne6 28.Bf1 Nec5 
29.Be3 Nxe4 30.Bb6 Rd7 31.Rbc1 Bd4 32.Rxc4 Bxb6 33.Rxe4 Nxf2 34.Rxd7 Nxe4+
35.Kh2 Kf8 36.Bg2 Nd6 37.g5 hxg5 38.Nf3 Ke8 39.Ne5 Bd4 40.Bc6 bxc6 0-1

[Event "Tarbes"]
[Site "?"]
[Date "2003.??.??"]
[Round "2"]
[White "Aout, Sebastien"]
[Black "Join, Etienne"]
[Result "1-0"]
[WhiteElo "2096"]
[BlackElo "1480"]
[PlyCount "79"]

1.e4 e5 2.Nf3 Nc6 3.Bb5 Bc5 4.O-O d6 5.c3 a6 6.Ba4 b5 7.Bb3 Be6 8.Bxe6 
fxe6 9.d4 exd4 10.cxd4 Bb6 11.d5 exd5 12.exd5 Nce7 13.Ng5 Nf6 14.Ne6 Qd7 
15.Re1 Nfxd5 16.Nc3 Nxc3 17.bxc3 g6 18.Bg5 Kf7 19.Qf3+ Nf5 20.g4 Rae8 21.
gxf5 gxf5 22.Qxf5+ Kg8 23.Bf6 Rxe6 24.Rxe6 Qf7 25.Qg5+ Kf8 26.Be7+ Ke8 27.
Qf6 Rg8+ 28.Kf1 Qxf6 29.Bxf6+ Kf7 30.Rae1 Rg6 31.Re7+ Kxf6 32.Rxh7 Ba5 33.
Re3 Bb6 34.Rf3+ Ke5 35.h4 Ke4 36.Ke2 Rg1 37.h5 Re1+ 38.Kxe1 Kxf3 39.Rf7+ 
Kg2 40.h6 1-0

[Event "NII"]
[Site "?"]
[Date "2003.??.??"]
[Round "?"]
[White "Deschamps"]
[Black "Beaurain"]
[Result "1/2-1/2"]
[WhiteElo "2029"]
[BlackElo "2106"]
[EventDate "2003.??.??"]
[PlyCount "100"]

1.e4 c5 2.c3 e6 3.d4 d5 4.exd5 exd5 5.Nf3 Nc6 6.dxc5 Bxc5 7.Nbd2 Nf6 8.Nb3
Bb6 9.Be2 O-O 10.O-O a5 11.a4 h6 12.h3 Bc7 13.Nbd4 Nxd4 14.Qxd4 Re8 15.Qd3
Qd6 16.b3 Nh5 17.Ba3 Qb6 18.Qb5 Qe6 19.Nd4 Qe5 20.f4 Qe3+ 21.Rf2 Nxf4 22.
Bc1 Nxe2+ 23.Nxe2 Qe6 24.Nd4 Qd7 25.Kf1 b6 26.Qxd7 Bxd7 27.Bf4 Rac8 28.Rc1
Bxf4 29.Rxf4 Re3 30.Ne2 b5 31.Rd4 bxa4 32.bxa4 Re4 33.Rxd5 Be6 34.Rd4 Rc4 
35.Rxe4 Rxe4 36.Nd4 Bd7 37.Ra1 f5 38.Kf2 f4 39.Nb3 Rc4 40.Rd1 Bxa4 41.Nxa5
Rxc3 42.Rd4 Ra3 43.Nc4 Ra2+ 44.Rd2 Rxd2+ 45.Nxd2 Bd7 46.h4 Bf5 47.Kf3 g5 
48.hxg5 hxg5 49.g3 Be4+ 50.Nxe4 fxg3 1/2-1/2

[Event "NII"]
[Site "?"]
[Date "2003.??.??"]
[Round "?"]
[White "Delpech"]
[Black "Rolland"]
[Result "1-0"]
[WhiteElo "2110"]
[BlackElo "2166"]
[EventDate "2003.??.??"]
[PlyCount "61"]

1.e4 e5 2.Nf3 Nc6 3.Nc3 Nf6 4.d4 exd4 5.Nxd4 Bc5 6.Be3 Bb6 7.f3 d5 8.Bb5 
Qd6 9.exd5 Nxd5 10.Nxd5 Qxd5 11.Nxc6 Qxd1+ 12.Rxd1 Bd7 13.Nd4 O-O-O 14.
Bxd7+ Rxd7 15.Nf5 Re8 16.Rxd7 Kxd7 17.Kf2 g6 18.Bxb6 axb6 19.Rd1+ Kc6 20.
Ne3 b5 21.h4 h5 22.g4 hxg4 23.fxg4 b4 24.h5 Ra8 25.h6 Rxa2 26.h7 Ra8 27.g5
Rh8 28.Rh1 Kd6 29.Ng4 Ke6 30.Re1+ Kf5 31.Nf6 1-0

[Event "NII"]
[Site "?"]
[Date "2003.??.??"]
[Round "?"]
[White "Bedue, Julien"]
[Black "Srdoc, Nenad"]
[Result "1-0"]
[WhiteElo "2149"]
[BlackElo "2070"]
[EventDate "2003.??.??"]
[PlyCount "107"]

1.c4 Nc6 2.Nc3 e5 3.d3 d6 4.g3 f5 5.Bg2 Nf6 6.Nf3 Be7 7.Rb1 Be6 8.b4 O-O 
9.O-O h6 10.b5 Na5 11.Bd2 a6 12.Qc2 c6 13.b6 Nxc4 14.dxc4 Nd7 15.Na4 c5 
16.Rb3 e4 17.Ne1 Ne5 18.Nb2 Nc6 19.Be3 Na5 20.Ra3 Qxb6 21.Bd2 Nc6 22.e3 
Rac8 23.Bc3 Nb4 24.Qd2 Rfd8 25.Qe2 d5 26.cxd5 Bxd5 27.g4 Nxa2 28.Ba5 Qb5 
29.Qxb5 axb5 30.Bxd8 Rxd8 31.Nc2 b4 32.Ra7 Bf6 33.Na4 c4 34.Nb6 b3 35.Nxd5
Rxd5 36.gxf5 Nc3 37.Na3 b5 38.Rb7 b2 39.Re1 Rxf5 40.Bh3 Rg5+ 41.Kf1 Be5 
42.Be6+ Kh7 43.Nb1 Bf6 44.Nxc3 Bxc3 45.Rd1 Rc5 46.Bd7 Rd5 47.Rxd5 b1=Q+ 
48.Kg2 Bf6 49.Bf5+ Kg8 50.Rc5 Bd8 51.Rd7 g6 52.Bxg6 Qd3 53.Rxd3 exd3 54.
Rxb5 1-0